| 000 | 00398nam a2200169Ia 4500 | ||
|---|---|---|---|
| 005 | 20250411072431.0 | ||
| 008 | 240331s9999 xx 000 0 und d | ||
| 020 | _a9555511144 | ||
| 082 |
_bJAY _a891 |
||
| 100 | _aJayakody,D | ||
| 245 | 0 | _aUpeka | |
| 250 | _a2nd | ||
| 260 |
_aColombo _bDayawansa jayakody & Company _c2000 |
||
| 300 | _a206 p ., | ||
| 500 | _aThe Story of Teraniya | ||
| 942 | _cL | ||
| 999 |
_c5338 _d5338 |
||